000 00741nam0a2200217 4500
001 RU\NLR\BIBL_A\012164665
005 20250623220335.0
010 _9500
035 _a(NLR Aleph) 012164665
090 _a13299072
_c13299072
100 _a20191216d1986 |||y0rusy50 ca
101 0 _aaze
102 _aAZ
105 _ay z 000 y
200 1 _aОрта ихтисас тәһсили мәктәбләриндә хәтти тәнликләр системинин тәдрисинә даир методик ҝөстәришләр
_fсост.: К. С. Әскәров, С. А. Ашурова
210 _aБакы
_cБ/и
_d1986
215 _a44 с.
_d20
852 _aNLR
_bОНЛ
_jАзерб./2-21822
942 _cBOOK
980 _aNB